A zöld iroda koncepció gyakorlati megvalósulási lehetőségei, gazdasági hatékonysága és hatása a szervezeti kultúrára.

Bibliográfiai részletek
Szerző: Majer Martina Fanni
További közreműködők: Győri Dr. Zsuzsanna
Dokumentumtípus: Diplomadolgozat
Kulcsszavak:Zöld iroda
Szervezeti kultúra
Változásmenedzsment
Online Access:http://dolgozattar.uni-bge.hu/14465

MARC

LEADER 00000nta a2200000 i 4500
001 dolg14465
005 20171218110029.0
008 171218suuuu hu om 000 hun d
040 |a BGE Dolgozattár Repozitórium  |b hun 
041 |a hu 
100 1 |a Majer Martina Fanni 
245 1 2 |a A zöld iroda koncepció gyakorlati megvalósulási lehetőségei, gazdasági hatékonysága és hatása a szervezeti kultúrára.  |c Majer Martina Fanni  |h [elektronikus dokumentum] 
695 |a Zöld iroda 
695 |a Szervezeti kultúra 
695 |a Változásmenedzsment 
700 1 |a Győri Dr. Zsuzsanna  |e ths 
856 4 0 |u http://dolgozattar.uni-bge.hu/14465/2/Nyilatkozat.pdf  |z Dokumentum-elérés 
856 4 0 |u http://dolgozattar.uni-bge.hu/14465/3/Szakdolgozat%20Z%C3%B6ld%20iroda%20MajerM%20nyilatkozat%20n%C3%A9lk%C3%BCl.pdf  |z Dokumentum-elérés